000 00275nam a22001217a 4500
008 180505b xxu||||| |||| 00| 0 eng d
041 _aeng
080 _a043.3
100 _a0
101 _aMBE-BA
245 _aNdikimi i Internetit ne Marketing
_cGashi, H
942 _2udc
_cBK
999 _c45692
_d45692